Ética y estética en el mito literario (en República Dominicana y Haíti) / (Record no. 13546)
[ view plain ]
| 000 -CABECERA | |
|---|---|
| campo de control de longitud fija | 01129nam a2200277 a 4500 |
| 001 - NÚMERO DE CONTROL | |
| campo de control | 000013941 |
| 005 - FECHA Y HORA DE LA ÚLTIMA TRANSACCIÓN | |
| campo de control | 20260304092050.0 |
| 008 - DATOS DE LONGITUD FIJA--INFORMACIÓN GENERAL | |
| campo de control de longitud fija | 091202s2000 dr 000 e spa d |
| 020 ## - NÚMERO INTERNACIONAL ESTÁNDAR DEL LIBRO | |
| Número Internacional Estándar del Libro | 9993443042 |
| 040 ## - FUENTE DE LA CATALOGACIÓN | |
| Centro catalogador/agencia de origen | DO-SdBNP |
| Lengua de catalogación | spa |
| Centro/agencia transcriptor | BNPHU |
| 082 ## - NÚMERO DE LA CLASIFICACIÓN DECIMAL DEWEY | |
| Número de clasificación | RD864.44 |
| Número de documento/Ítem | E538e |
| 049 ## - FONDOS LOCALES (OCLC) | |
| Fondos de biblioteca | BNPD |
| 100 1# - ENTRADA PRINCIPAL--NOMBRE DE PERSONA | |
| Nombre de persona | Rondón, Pura Emeterio |
| 9 (RLIN) | 30799 |
| 245 10 - MENCIÓN DE TÍTULO | |
| Título | Ética y estética en el mito literario (en República Dominicana y Haíti) / |
| Mención de responsabilidad, etc. | Pura Emeterio Rondón; presentación Milagros Ortiz Bosch; prólogo Tulio Cordero. |
| 260 ## - PUBLICACIÓN, DISTRIBUCIÓN, ETC. | |
| Lugar de publicación, distribución, etc. | Santo Domingo : |
| Nombre del editor, distribuidor, etc. | Secretaría de Estado de Educación, |
| Fecha de publicación, distribución, etc. | 2000. |
| 300 ## - DESCRIPCIÓN FÍSICA | |
| Extensión | 115 p. ; |
| Dimensiones | 21 cm. |
| 500 ## - NOTA GENERAL | |
| Nota general | Incluye datos biográficos de la autora en la solapa de la cubierta |
| 500 ## - NOTA GENERAL | |
| Nota general | Incluye notas al pie de las páginas |
| 586 ## - NOTA DE PREMIOS | |
| Nota de premios | Premio Nacional de Ensayo Pedro Henríquez Ureña |
| 650 #4 - PUNTO DE ACCESO ADICIONAL DE MATERIA--TÉRMINO DE MATERIA | |
| Término de materia o nombre geográfico como elemento de entrada | Literatura dominicana |
| Subdivisión general | Historia y crítica |
| 9 (RLIN) | 159 |
| 650 #4 - PUNTO DE ACCESO ADICIONAL DE MATERIA--TÉRMINO DE MATERIA | |
| Término de materia o nombre geográfico como elemento de entrada | Mitología |
| Subdivisión geográfica | República Dominicana |
| 9 (RLIN) | 19659 |
| 650 #4 - PUNTO DE ACCESO ADICIONAL DE MATERIA--TÉRMINO DE MATERIA | |
| Término de materia o nombre geográfico como elemento de entrada | Literatura haitiana |
| Subdivisión general | Historia y crítica |
| 9 (RLIN) | 30800 |
| 650 #4 - PUNTO DE ACCESO ADICIONAL DE MATERIA--TÉRMINO DE MATERIA | |
| Término de materia o nombre geográfico como elemento de entrada | Mitología |
| Subdivisión geográfica | Haiti |
| 9 (RLIN) | 31597 |
| 700 1# - PUNTO DE ACCESO ADICIONAL--NOMBRE DE PERSONA | |
| Nombre de persona | Ortiz Bosch, Milagros, 1936- |
| 9 (RLIN) | 26797 |
| 700 1# - PUNTO DE ACCESO ADICIONAL--NOMBRE DE PERSONA | |
| Nombre de persona | Cordero, Tulio |
| 9 (RLIN) | 16039 |
| Estado de retiro | Estado de pérdida | Restricciones de uso | No para préstamo | Código de colección | Localización permanente | Ubicación/localización actual | Ubicación en estantería | Fecha de adquisición | Número de inventario | Total de préstamos | Signatura topográfica completa | Código de barras | Fecha visto por última vez | Número de copia | Precio válido a partir de | Tipo de ítem Koha |
|---|---|---|---|---|---|---|---|---|---|---|---|---|---|---|---|---|
| Dominicana de Servicio | General | General | En catalogación | 02.12.2009 | LF1 | RD864.44 E538e | 13941-30 | 25.06.2020 | e. 3 | 25.06.2020 | Libro y Folleto Colección Dominicana de Servicio | |||||
| Dominicana de Servicio | General | General | En catalogación | 14.06.2013 | LF1 | RD864.44 E538e | 13941-40 | 25.06.2020 | e. 4 | 25.06.2020 | Libro y Folleto Colección Dominicana de Servicio | |||||
| Patrimonio Dominicano | Patrimonio Dominicano | Patrimonio Dominicano | En catalogación | 02.12.2009 | LF1 | RD864.44 E538e | 13941-10 | 25.06.2020 | 25.06.2020 | Libro y Folleto Colección Patrimonio Dominicano | ||||||
| Préstamo restringido | Préstamo restrigido | Patrimonio Dominicano | Patrimonio Dominicano | Patrimonio Dominicano | En catalogación | 02.12.2009 | LF1 | RD864.44 E538e | 13941-20 | 25.06.2020 | e. 2 | 25.06.2020 | Libro y Folleto Colección Patrimonio Dominicano |
